Scales and covers in general measurement problem; IEEE Transactions on Instrumentation and Measurement; Vol. 46, iss. 4
| Parent link: | IEEE Transactions on Instrumentation and Measurement Vol. 46, iss. 4.— 1997.— [P. 961-965] |
|---|---|
| Yazar: | |
| Diğer Yazarlar: | |
| Özet: | Title screen A demonstration is given that in terms of representational theory the general measurement problem (GMP) can be treated as a discrete optimization problem. Moreover, particular discrete optimization problems appear at every stage of the GMP solution. There is a sufficiently compact family of problems that is universal to a considerable extent. They permit the management of many concrete practical tasks appearing in the arrangement of the measurement process with both quantitative and qualitative scales. It is demonstrated that these universal problems are covering problems. Several variants of these problems are discussed in the context of measurement with numerical examples. This approach also allows consideration from an integrated point of view of any kind of functions of measurement information systems: check, diagnosis, and pattern recognition. Режим доступа: по договору с организацией-держателем ресурса |
| Dil: | İngilizce |
| Baskı/Yayın Bilgisi: |
1997
|
| Konular: | |
| Online Erişim: | https://doi.org/10.1109/19.650808 |
| Materyal Türü: | Elektronik Kitap Bölümü |
| KOHA link: | https://koha.lib.tpu.ru/cgi-bin/koha/opac-detail.pl?biblionumber=666381 |
MARC
| LEADER | 00000naa0a2200000 4500 | ||
|---|---|---|---|
| 001 | 666381 | ||
| 005 | 20250215152723.0 | ||
| 035 | |a (RuTPU)RU\TPU\network\37585 | ||
| 035 | |a RU\TPU\network\37583 | ||
| 090 | |a 666381 | ||
| 100 | |a 20211220d1997 k||y0rusy50 ba | ||
| 101 | 0 | |a eng | |
| 102 | |a US | ||
| 135 | |a drcn ---uucaa | ||
| 181 | 0 | |a i | |
| 182 | 0 | |a b | |
| 200 | 1 | |a Scales and covers in general measurement problem |f S. V. Muravyov (Murav’ev), V. Savolainen | |
| 203 | |a Text |c electronic | ||
| 300 | |a Title screen | ||
| 320 | |a [References: 19 tit.] | ||
| 330 | |a A demonstration is given that in terms of representational theory the general measurement problem (GMP) can be treated as a discrete optimization problem. Moreover, particular discrete optimization problems appear at every stage of the GMP solution. There is a sufficiently compact family of problems that is universal to a considerable extent. They permit the management of many concrete practical tasks appearing in the arrangement of the measurement process with both quantitative and qualitative scales. It is demonstrated that these universal problems are covering problems. Several variants of these problems are discussed in the context of measurement with numerical examples. This approach also allows consideration from an integrated point of view of any kind of functions of measurement information systems: check, diagnosis, and pattern recognition. | ||
| 333 | |a Режим доступа: по договору с организацией-держателем ресурса | ||
| 461 | |t IEEE Transactions on Instrumentation and Measurement | ||
| 463 | |t Vol. 46, iss. 4 |v [P. 961-965] |d 1997 | ||
| 610 | 1 | |a электронный ресурс | |
| 610 | 1 | |a труды учёных ТПУ | |
| 700 | 1 | |a Muravyov (Murav’ev) |b S. V. |c specialist in the field of control and measurement equipment |c Professor of Tomsk Polytechnic University,Doctor of technical sciences |f 1954- |g Sergey Vasilyevich |3 (RuTPU)RU\TPU\pers\31262 |9 15440 | |
| 701 | 1 | |a Savolainen |b V. | |
| 801 | 2 | |a RU |b 63413507 |c 20211220 |g RCR | |
| 856 | 4 | |u https://doi.org/10.1109/19.650808 | |
| 942 | |c CF | ||